Jodoh itu milik kita

Bibliographic Details
Main Author: Sara Aisha
Format: Book
Published: Selangor : Kaki Novel Enterprise , 2012
Subjects:

MARC

LEADER 00000cam a2200000 7i4500
001 0000004067
005 20160118.0
020 0 0 |a 9789670246147 
090 0 0 |a 899.2333   |b SARA 
100 0 0 |a Sara Aisha 
245 1 0 |a Jodoh itu milik kita   |c Sara Aisha 
260 0 0 |a Selangor :   |b Kaki Novel Enterprise ,   |c 2012 
300 |a 766 p. ;   |c 19cm. 
650 0 0 |a Malay fiction 
998 |a JPSM 
999 |a 007886   |b Monograph   |c Open Shelf   |e Default branch